Komparatívna analýza génov kódujúcich receptory GPCR v rode Trichoderma

Gespeichert in:
Bibliographische Detailangaben
1. Verfasser: Bedryk, Dmytro (Verfasst von)
Weitere Verfasser: Kryštofová, Svetlana (Betreuung Doktorarbeit)
Format: Manuskript Buch
Sprache:Slowakisch
Veröffentlicht: 2024
Schlagworte:
Online-Zugang:http://is.stuba.sk/zp/portal_zp.pl?podrobnosti=162376
Tags: Tag hinzufügen
Keine Tags, Fügen Sie das erste Tag hinzu!

MARC

LEADER 00000ntm a22000003a 4500
001 stuzp99468
003 SK-STU
005 20240622211010.6
007 ta
008 150427s2015----xo-----f-mn---000-0-slo-d
040 |a STU  |b slo 
041 0 |a slo 
100 1 |a Bedryk, Dmytro  |u 043000  |4 aut  |U FCHPT Fakulta chemickej a potravinárskej technológie  |T FCHPT Ústav biochémie a mikrobiológie  |X 110545  |U C3000  |Y 101  |7 110545 
242 0 1 |a The comparative analysis of GPCR encoding genes in the genus Trichoderma  |y eng 
245 1 0 |a Komparatívna analýza génov kódujúcich receptory GPCR v rode Trichoderma 
260 |c 2024 
650 4 |a Trichoderma  |2 slo 
650 4 |a GPCR  |2 slo 
650 4 |a fylogenetická analýza  |2 slo 
650 4 |a phylogenetic analysis  |2 eng 
650 4 |a GPCR  |2 eng 
650 4 |a Trichoderma  |2 eng 
700 1 |a Kryštofová, Svetlana  |u 043000  |k Z1  |4 ths  |U FCHPT Fakulta chemickej a potravinárskej technológie  |T FCHPT Ústav biochémie a mikrobiológie  |X 55152  |U C3000  |Y 101  |7 A000055152 
856 4 |u http://is.stuba.sk/zp/portal_zp.pl?podrobnosti=162376